The social construction of reality : A treatise in the sociology of knowledge

Αποθηκεύτηκε σε:
Λεπτομέρειες βιβλιογραφικής εγγραφής
Κύριος συγγραφέας: Berger, Peter L.
Άλλοι συγγραφείς: Luckmann, Thomas
Μορφή: Βιβλίο
Γλώσσα:English
Δημοσίευση: Harmondsworth : Penguin, 1979
Θέματα:
Ετικέτες: Προσθήκη ετικέτας
Δεν υπάρχουν, Καταχωρήστε ετικέτα πρώτοι!

MARC

LEADER 00000nam a2200000 i 4500
001 1/29160
008 960404s1979 eng d
020 |a 014055176X 
035 |l 10023169 
040 |a GR-MY-UA  |b gre  |e aacr 
041 0 |a eng 
082 0 |a 306.4 
100 1 |a Berger, Peter L. 
245 1 4 |a The social construction of reality : A treatise in the sociology of knowledge 
260 |a Harmondsworth :   |b Penguin,   |c 1979 
300 |a 249 p. 
650 0 0 |a Knowledge, Sociology of. 
700 1 |a Luckmann, Thomas. 
852 |a INST  |b CHIOS  |e 19960404  |h 306.4 BER  |p 005200006134  |q 005200006134  |t BK  |y 0 
909 |a Χ  |b 001549